Conservación de grandes vertebrados en áreas no protegidas de Colombia, Venezuela y Brasil / (Registro nro. 18729)
[ vista simple ]
| 000 -CABECERA | |
|---|---|
| Campo de control | 02188nam a2200445 u 4500 |
| 005 - FECHA Y HORA DE LA ULTIMA TRANSACCION | |
| Campo de control | 20200219074727.0 |
| 008 - ELEMENTOS DE LONGITUD FIJA—INFORMACION GENERAL | |
| Campo de control | 160520s2015 ck abd|gr|||| 00| 0 spa d |
| 020 ## - ISBN | |
| ISBN | 9789588889726 (impresa) |
| 020 ## - ISBN | |
| ISBN | 9789588889733 (digital) |
| 040 ## - FUENTE DE CATALOGACIÓN | |
| Agencia catalogadora original | CO-BoIAVH |
| Agencia transcriptora | CO-BoIAVH |
| 041 0# - IDIOMA | |
| Código de idioma para texto/pista de sonido o título separado | Español |
| 044 ## - PAÍS DE PUBLICACIÓN | |
| País de publicación | Colombia |
| 082 04 - NUMERO DE CLASIFICACION DECIMAL DEWEY | |
| Número de clasificación | 639.9708 |
| Número del ítem | C75g |
| 245 00 - MENCION DE TITULO | |
| Título | Conservación de grandes vertebrados en áreas no protegidas de Colombia, Venezuela y Brasil / |
| Mención de responsabilidad | editado por Esteban Payán, Carlos A. Lasso y Carlos Castaño-Uribe |
| 260 ## - PUBLICACION, DISTRIBUCION, ETC. (PIE DE IMPRENTA) | |
| Lugar de publicación, distribución, etc. | Bogotá : |
| Nombre del editor, distribuidor, etc. | Instituto de Investigación de Recursos Biológicos Alexander von Humboldt, |
| Fecha de publicación, distribución, etc. | 2015. |
| 300 ## - DESCRIPCION FISICA | |
| Extensión | 302 páginas : |
| Otros detalles físicos | ilustraciones a color, mapas color, tablas, gráficas y fotografías a color ; |
| Dimensiones | 23 x 17 cm. |
| 490 0# - MENCION DE SERIE | |
| Mención de serie | Serie fauna silvestre neotropical ; |
| Designación numérica/secuencial del volumen | I |
| 504 ## - NOTA DE BIBLIOGRAFIA, ETC. | |
| Nota de bibliografía | Incluye referencias bibliográficas. |
| 505 2# - NOTA DE CONTENIDO | |
| Nota de contenido | Capítulo 1. Conservación de grandes peces de agua dulce en áreas no protegidas de Colombia, |
| 505 2# - NOTA DE CONTENIDO | |
| Nota de contenido | Capítulo 2. Conservación de grandes reptiles acuáticos continentales (tortugas y cocodílidos) en Colombia. |
| 505 2# - NOTA DE CONTENIDO | |
| Nota de contenido | Capítulo 3. Rehabilitación y liberación de perezosos (Xenarthra: Bradypodidae y Megalonychidae) en áreas no protegidas de Colombia. |
| 505 2# - NOTA DE CONTENIDO | |
| Nota de contenido | Capítulo 4. La conservación de los manatíes (Trichechus inunguis y Trichechus manatus) en áreas no protegidas de Colombia. |
| 546 ## - NOTA DE IDIOMA | |
| Nota de idioma | Resumen ejecutivo en español e inglés. |
| 546 ## - NOTA DE IDIOMA | |
| Nota de idioma | Resúmenes en español e inglés. |
| 650 26 - ASIENTO SECUNDARIO DE MATERIA - TERMINO TEMATICO | |
| Término temático o nombre geográfico como elemento de entrada | Mamíferos |
| Subdivisión general | conservación |
| 9 (RLIN) | 82652 |
| 650 26 - ASIENTO SECUNDARIO DE MATERIA - TERMINO TEMATICO | |
| Término temático o nombre geográfico como elemento de entrada | Aves |
| Subdivisión general | conservación |
| 9 (RLIN) | 82653 |
| 650 26 - ASIENTO SECUNDARIO DE MATERIA - TERMINO TEMATICO | |
| Término temático o nombre geográfico como elemento de entrada | Reptiles |
| Subdivisión general | conservación |
| 9 (RLIN) | 82654 |
| 650 26 - ASIENTO SECUNDARIO DE MATERIA - TERMINO TEMATICO | |
| Término temático o nombre geográfico como elemento de entrada | Peces |
| Subdivisión general | conservación |
| 9 (RLIN) | 82655 |
| 650 24 - ASIENTO SECUNDARIO DE MATERIA - TERMINO TEMATICO | |
| Término temático o nombre geográfico como elemento de entrada | Grandes vertebrados |
| Subdivisión general | conservación |
| 9 (RLIN) | 82656 |
| 650 24 - ASIENTO SECUNDARIO DE MATERIA - TERMINO TEMATICO | |
| Término temático o nombre geográfico como elemento de entrada | Áreas no protegidas |
| 9 (RLIN) | 69880 |
| 650 26 - ASIENTO SECUNDARIO DE MATERIA - TERMINO TEMATICO | |
| Término temático o nombre geográfico como elemento de entrada | Colombia |
| 9 (RLIN) | 82657 |
| 650 26 - ASIENTO SECUNDARIO DE MATERIA - TERMINO TEMATICO | |
| Término temático o nombre geográfico como elemento de entrada | Venezuela |
| 9 (RLIN) | 82658 |
| 650 26 - ASIENTO SECUNDARIO DE MATERIA - TERMINO TEMATICO | |
| Término temático o nombre geográfico como elemento de entrada | Brasil |
| 9 (RLIN) | 82659 |
| 650 26 - ASIENTO SECUNDARIO DE MATERIA - TERMINO TEMATICO | |
| Término temático o nombre geográfico como elemento de entrada | Región neotropical |
| 9 (RLIN) | 4721 |
| 700 1# - ASIENTO SECUNDARIO - NOMBRE PERSONAL | |
| Nombre personal | Payán, Esteban |
| Término de relación | editor |
| 9 (RLIN) | 38617 |
| 700 1# - ASIENTO SECUNDARIO - NOMBRE PERSONAL | |
| Nombre personal | Lasso, Carlos A. |
| Término de relación | editor |
| 9 (RLIN) | 242 |
| 700 1# - ASIENTO SECUNDARIO - NOMBRE PERSONAL | |
| Nombre personal | Castaño-Uribe, Carlos |
| Término de relación | editor |
| 9 (RLIN) | 82661 |
| 710 2# - ASIENTO SECUNDARIO - NOMBRE CORPORATIVO | |
| Nombre corporativo o de jurisdicción como elemento de entrada | Instituto de Investigación de Recursos Biológicos Alexander von Humboldt. |
| 9 (RLIN) | 204 |
| 942 ## - ELEMENTOS ADICIONALES (KOHA) | |
| Sistema de clasificación | Dewey Decimal Classification |
| Tipo de ítem | Libro |
| Koha issues (borrowed), all copies | 2 |
| Withdrawn status | Lost status | Sistema de Clasificación | Damaged status | No para préstamo | Colección | Inventariado | Ubicación Permanente | Ubicación actual | Fecha de adquisición | Fuente de Valor | Valor | Total Checkouts | Número topográfico | Inventario / Código de Barras | Date last seen | Date checked out | Ejemplar | Price effective from | Forma de adquisición | Tipo de material |
|---|---|---|---|---|---|---|---|---|---|---|---|---|---|---|---|---|---|---|---|---|
| Dewey Decimal Classification | Humboldt | Inventariado 2017 | Bogotá | Bogotá | 20/05/2016 | Instituto | 39000.00 | 1 | IAVH-639.9708 C75g | 040370 | 28/09/2017 | 04/09/2017 | Ej. 1 | 20/05/2016 | Institucional | Libro | ||||
| Dewey Decimal Classification | Humboldt | Inventariado 2017 | Sala Fabio Quevedo | Sala Fabio Quevedo | 20/05/2016 | Instituto | 39000.00 | 1 | IAVH-639.9708 C75g | 040371 | 22/09/2017 | 22/09/2017 | Ej. 2 | 20/05/2016 | Institucional | Libro | ||||
| Dewey Decimal Classification | Humboldt | Inventariado 2017 | Villa de Leyva | Villa de Leyva | 30/08/2017 | Instituto | 39000.00 | IAVH-639.9708 C75g | 042815 | 30/08/2017 | Ej. 3 | 30/08/2017 | Institucional | Libro |